| 000 | 00885nam a22002895a 4500 | ||
|---|---|---|---|
| 005 | 20150629115826.0 | ||
| 008 | 150617r20132011ii dk fr 001 0 eng d | ||
| 020 | _a9788189757939 | ||
| 040 |
_aEG-ScBUE _beng _cEG-ScBUE |
||
| 082 | 0 | 4 |
_a005.1 _bUPA _222 |
| 100 | 1 |
_aUpadhyay, Nitin. _938199 |
|
| 245 | 1 | 4 |
_aThe design and analysis of algorithms / _bNitin Upadhyay. |
| 250 | _a4th ed. | ||
| 260 |
_aNew Delhi : _bS. K. Kataria & Sons, _c2013. |
||
| 300 |
_a502 p. : _bcharts, forms ; _c24 cm. |
||
| 500 | _aIndex: p. 497-502. | ||
| 500 | _aIndex: p. 497-502. | ||
| 500 | _aIncludes appendixes. | ||
| 590 | _aSara elBakry | ||
| 650 | 0 |
_aComputer algorithms _xDesign. _2BUEsh |
|
| 650 | 0 |
_aComputer software. _2BUEsh |
|
| 650 | 0 |
_aComputer science. _2BUEsh |
|
| 651 | _2BUEsh | ||
| 653 |
_bCOMSCI _cJune2015 |
||
| 655 |
_vreading book _934232 |
||
| 942 |
_2ddc _k005.1 UPA |
||
| 999 |
_c19743 _d19715 |
||